000 00269nam a2200109Ia 4500
008 200302s9999 xx 000 0 und d
100 _aHarbhajan Singh
245 _aConstruction Project Management
260 _bAbhishek Publications
260 _c2011
300 _a157 P.,
999 _c3276
_d3276